=LDR 00000nam 2200000 4500 =001 INLIS000000000024375 =005 20130612122951 =008 ***********************************Ind** =035 ##$$0010-061300000024375 =041 ##$$a Ind =082 ##$$a 616.97 =090 ##$$a 616.97, Pra a =100 ##$$a Praptoharjo =245 ##$$a Aku harus berhenti, Praptoharjo =260 ##$$a 2005 $b Yogyakarta =300 ##$$a 98 hlm, 21 cm =650 ##$$a Pencegahan HIV =850 ##$$a NBPNMAT